000 00611nam a2200229Ia 4500
003 0100
005 20161215084720.0
008 130303s9999 xx 000 0 und d
020 _a0385111991
040 _cARRUPELIB
050 _aREF. BS192.2.A11964.G3 1984
100 _aFurnish, Victor Paul
_928077
245 _aII Corinthians
250 _a1st ed.
260 _aNew york
260 _bDoubleday & Co.
300 _axxii
300 _b 619p. 25cm.
440 _aThe anchor bible series ; v.32a
_928078
650 _aBible N.T. Corithinians, 2
_xCommentaries
_928079
942 _2lcc
_cMONOGRAPH
999 _c23931
_d23931